| 000 | 01177nam a22002057a 4500 | ||
|---|---|---|---|
| 999 |
_c3352 _d3352 |
||
| 003 | AR-CdUCM | ||
| 008 | 190306b ||||| |||| 00| 0 spa d | ||
| 040 |
_aMUNICIPALIDAD PROVINCIAL DEL CUSCO _cBIBLIOTECA MUNICIPAL DEL CUSCO |
||
| 082 |
_a340.7 / _bG68 |
||
| 100 |
_aGómez Apac, R. Hugo _911109 |
||
| 245 |
_aLa Estructura del Derecho de las Obligaciones : _bDiseñando esqueñas funcionales / |
||
| 260 |
_aLima : _bECB Ediciones S.A.C , _c2014. |
||
| 300 |
_a197 páginas ; _c24 cm. |
||
| 505 | _aContenido: Nocion del Derecho -- La norma Juridica -- La situacion juridica subjetiva -- La relacion juridica -- Las fuentes de las situaciones juridicas subjetivas y las relaciones -- La Obligacion en el mundo antiguo -- La noción de obligación en el derecho romano -- Licitd de la Prestacion -- La posibilidad Fisica y juridica -- La patrimonialidad de la presentacion -- La relacion obligacional contractual -- La Interrelacion entra la relacion obligatoria y la relacion obligacional contractual -- La Cesíon de Créditos... | ||
| 650 |
_aCodigo Civil _910925 |
||
| 650 |
_aLegislacion _96380 |
||
| 650 |
_aDerecho Civil _95265 |
||
| 942 |
_2ddc _cLIBROS |
||
| 945 | _artm | ||